[Event "Carl Schlechter mem"]
[Site "Vienna"]
[Date "1996.??.??"]
[Round "3"]
[White "Danner, Georg"]
[Black "Neumeier, Klaus"]
[Result "0-1"]
[WhiteElo "2375"]
[BlackElo "2280"]

1.d4 Nf6 2.Nf3 g6 3.c4 Bg7 4.Nc3 O-O 5.e4 d6 6.Be2 e5 7.d5 a5 8.Bg5 h6 9.Bh4 Na6
10.Nd2 h5 11.h3 Bh6 12.g4 hxg4 13.hxg4 Bf4 14.f3 Kg7 15.Bf2 Rh8 16.Rxh8 Qxh8
17.Bd3 Qh3 18.Qe2 Nxg4 19.fxg4 Bxg4 20.Qf1 Qh6 21.Ncb1 Nb4 22.a3 Nxd3+ 23.Qxd3 Rh8
24.Nf1 Qh1 25.Nc3 Rh3 26.Qc2 Qg2 27.Rd1 Rh1 28.Qd3 Bh3  0-1

[Event "Vienna op-B"]
[Site "Vienna"]
[Date "1996.??.??"]
[Round "3"]
[White "Loskamp, Stefan"]
[Black "Maier, Christian"]
[Result "0-1"]
[WhiteElo "2225"]
[BlackElo "2340"]

1.d4 Nf6 2.Nf3 d6 3.c4 g6 4.Nc3 Bg7 5.e4 O-O 6.Be2 Nbd7 7.O-O e5 8.Be3 exd4
9.Nxd4 Re8 10.Qc2 c6 11.Rad1 Qe7 12.f3 Nh5 13.g4 Nhf6 14.Bf4 Ne5 15.b4 h5
16.h3 hxg4 17.hxg4 Nexg4 18.Nxc6 bxc6 19.Bxd6 Qe6 20.fxg4 Nxg4 21.Qd3 Ne5
22.Bxe5 Qxe5 23.Na4 Qg5+ 24.Kh1 Be5 25.Rf2 Kg7 26.Rg2 Qh4+ 27.Kg1 Bh3 28.Bf3 Rad8
29.Qe2 Bxg2 30.Bxg2 Rxd1+ 31.Qxd1 Rd8 32.Qe2 Bh2+  0-1

[Event "Vienna op"]
[Site "Vienna"]
[Date "1996.??.??"]
[Round "3"]
[White "Ftacnik, Lubomir"]
[Black "Hangweyrer, Manfred"]
[Result "1/2-1/2"]
[WhiteElo "2610"]
[BlackElo "2315"]

1.d4 Nf6 2.Nf3 g6 3.c4 Bg7 4.Nc3 O-O 5.e4 d6 6.Be2 e5 7.O-O exd4 8.Nxd4 Re8
9.f3 Nc6 10.Be3 Nh5 11.Nxc6 bxc6 12.g4 Nf6 13.Qd2 h5 14.g5 Nd7 15.f4 Bb7
16.Bd4 Bxd4+ 17.Qxd4 Nc5 18.h4 Ne6 19.Qf2 Qe7 20.Rae1 Nc5 21.e5 a5 22.f5 dxe5
23.Qe3 Rad8 24.fxg6 fxg6 25.Rf6 Kg7 26.Ref1 Rd4 27.Bd1 Nd7  1/2-1/2

[Event "Vienna Bawag"]
[Site "Vienna"]
[Date "1996.??.??"]
[Round "4"]
[White "Hoelzl, Franz"]
[Black "Arakhamia, Ketevan"]
[Result "1-0"]
[WhiteElo "2430"]
[BlackElo "2480"]

1.d4 Nf6 2.c4 g6 3.Nc3 Bg7 4.e4 d6 5.Be2 O-O 6.Nf3 e5 7.Be3 Ng4 8.Bg5 f6
9.Bc1 Kh8 10.O-O Nc6 11.d5 Ne7 12.Ne1 h5 13.Nd3 f5 14.exf5 Bxf5 15.f3 Nf6
16.Nf2 c6 17.Nfe4 Bxe4 18.fxe4 cxd5 19.cxd5 Qb6+ 20.Kh1 Neg8 21.h3 Rac8 22.Bd3 Bh6
23.Qb3 Qxb3 24.axb3 Bxc1 25.Rfxc1 a6 26.b4 Nd7 27.Kg1 h4 28.Nd1 Ngf6 29.Rc3 Rxc3
30.bxc3 Nh5 31.c4 Kg7 32.Nf2 Ng3 33.Rc1 b6 34.Ra1 Ra8 35.Nh1 Nxh1 36.Kxh1 a5
37.Kg1 Rb8 38.c5 dxc5 39.bxa5 b5 40.Rb1 c4 41.Be2 c3 42.a6 b4 43.Bd1 Kf6
44.Bc2 Nc5 45.a7 Ra8 46.Rxb4 Rxa7 47.Rc4 Ra1+ 48.Kh2 Nb7 49.Rxc3 Nd6 50.Rc6 Ke7
51.Rc7+ Kf6 52.Rd7 Nb5 53.Rb7 Nd4 54.Rb6+ Kg5 55.Bb1 Kf4 56.d6 Ra7 57.Bd3 Ke3
58.Ba6 Rf7 59.Bc8 Kxe4 60.d7 Rf8 61.Rxg6 Ke3 62.Rg4 Ne2 63.Rxh4 Kf2 64.Rh7 Rg8
65.Rf7+ Nf4 66.Bb7  1-0

[Event "Vienna op"]
[Site "Vienna"]
[Date "1996.??.??"]
[Round "5"]
[White "Zvjaginsev, Vadim"]
[Black "Cvitan, Ognjen"]
[Result "1-0"]
[WhiteElo "2590"]
[BlackElo "2535"]

1.Nf3 Nf6 2.c4 g6 3.Nc3 Bg7 4.e4 d6 5.d4 O-O 6.Be2 e5 7.d5 a5 8.Bg5 h6 9.Be3 Ng4
10.Bc1 f5 11.exf5 gxf5 12.g3 Na6 13.Nh4 Nf6 14.O-O Nc5 15.f4 e4 16.Be3 Kh7
17.h3 Bd7 18.Rf2 Qe7 19.Rg2 Ng8 20.Bh5 Be8 21.Nb5 Bxh5 22.Qxh5 Qf7 23.Qe2 Rae8
24.g4 fxg4 25.hxg4 Nd3 26.g5  1-0

[Event "Vienna op"]
[Site "Vienna"]
[Date "1996.??.??"]
[Round "5"]
[White "Epishin, Vladimir"]
[Black "Lau, Ralf"]
[Result "1/2-1/2"]
[WhiteElo "2620"]
[BlackElo "2510"]

1.d4 Nf6 2.c4 g6 3.Nc3 Bg7 4.e4 d6 5.Nf3 O-O 6.Be2 Nbd7 7.O-O e5 8.Re1 c6
9.Bf1 exd4 10.Nxd4 Re8 11.Bg5 h6 12.Bf4 Nc5 13.Qc2 g5 14.Bg3 Nh5 15.Rad1 Nxg3
16.hxg3 Qb6 17.Nb3 Nxb3 18.axb3 Be5 19.Re3 Be6 20.Rd2 a6 21.Qd1 Qc5 22.Na2 b5
23.Nc1 Qb6 24.Rc2 a5 25.Qd2 bxc4 26.Bxc4 Rad8 27.Bxe6 Rxe6 28.Rd3 Bg7 29.Kh2 Rf8
30.f3 d5  1/2-1/2

[Event "Vienna op-B"]
[Site "Vienna"]
[Date "1996.??.??"]
[Round "5"]
[White "Chernikov, Oleg L"]
[Black "Jusic, Zdenko"]
[Result "0-1"]
[WhiteElo "2385"]
[BlackElo "2335"]

1.Nf3 Nf6 2.d4 g6 3.c4 Bg7 4.Nc3 O-O 5.e4 d6 6.Be3 e5 7.Be2 Ng4 8.Bg5 f6
9.Bh4 g5 10.Bg3 Nh6 11.dxe5 dxe5 12.Qxd8 Rxd8 13.Nd5 Rd7 14.h4 g4 15.Nh2 Rf7
16.Ne3 Na6 17.Nexg4 Nc5 18.Nxh6+ Bxh6 19.f3 f5 20.Bf2 b6 21.b4 Ne6 22.exf5 Nd4
23.Bd3 Bxf5 24.Bxf5 Rxf5 25.O-O Bf4 26.Kh1 Nc2 27.Rad1 Nxb4 28.a3 Nc6 29.g3 Bh6
30.Kg2 Raf8 31.g4 R5f7 32.g5 Bg7 33.Ng4 Rd8 34.Bg3 Rd4 35.Rxd4 exd4 36.h5 Rf5
37.h6 Bh8 38.f4 Na5 39.c5 b5 40.c6 Nc4 41.Rf3 a5 42.Bf2 Kf7 43.Nh2 b4 44.a4 Rd5
45.Nf1 d3 46.Ne3 Nxe3+ 47.Bxe3 d2 48.Bxd2 Rxd2+ 49.Kg3 Rd4 50.Re3 Rc4 51.Kg4 Bc3  0-1

[Event "Vienna op"]
[Site "Vienna"]
[Date "1996.??.??"]
[Round "8"]
[White "Polak, Tomas"]
[Black "Gofshtein, Leonid D"]
[Result "0-1"]
[WhiteElo "2445"]
[BlackElo "2545"]

1.d4 Nf6 2.c4 g6 3.Nc3 Bg7 4.e4 d6 5.Be2 O-O 6.Nf3 e5 7.d5 a5 8.Bg5 h6 9.Bh4 Na6
10.Nd2 Qe8 11.O-O Nh7 12.Kh1 h5 13.f3 Bh6 14.b3 Bd7 15.a3 Be3 16.Qc2 Qb8
17.Rae1 Bc5 18.Ndb1 Qa7 19.Nd1 c6 20.Bd3 cxd5 21.exd5 f5 22.Qd2 Qb6 23.Bc2 Kg7
24.Nf2 Bd4 25.Nd3 Nc5 26.Nc1 f4 27.b4 axb4 28.axb4 Na4 29.Bf2 Bxf2 30.Rxf2 Nf6
31.Rfe2 Rac8 32.Bd3 Qd8 33.Nb3 b5 34.Na3 bxc4 35.Nxc4 Qc7 36.Rc1 Qb8 37.Bb1 Nb6
38.Nxb6 Qxb6 39.Ree1 Rxc1 40.Rxc1 Rc8  0-1

[Event "Villa Gesell"]
[Site "Villa Gesell"]
[Date "1996.??.??"]
[Round "9"]
[White "Slipak, Sergio"]
[Black "Sorin, Ariel"]
[Result "1-0"]
[WhiteElo "2535"]
[BlackElo "2505"]

1.d4 Nf6 2.Nf3 g6 3.c4 Bg7 4.Nc3 O-O 5.e4 d6 6.Be2 e5 7.d5 Na6 8.Nd2 Bh6
9.Nb3 Bxc1 10.Qxc1 Kg7 11.O-O Bd7 12.f4 exf4 13.Qxf4 Qe7 14.c5 Bc8 15.Bxa6 bxa6
16.Nd4 Bd7 17.c6 Bc8 18.Rae1 Qe5 19.Qxe5 dxe5 20.Nf3 Re8 21.Nd2 Re7 22.Nc4 Ne8
23.b4 Rb8 24.a3 Nd6 25.Nxd6 cxd6 26.Rf2 f5 27.Rb2 Rc7 28.b5 Kf6 29.a4 Rf7
30.Reb1 fxe4 31.a5 axb5 32.Nxb5 Ke7 33.Nxd6 Kxd6 34.Rxb8 Ba6 35.R8b7 Rf8
36.Rxa7 Bc4 37.Rd7+ Kc5 38.c7  1-0

[Event "Villa Gesell"]
[Site "Villa Gesell"]
[Date "1996.??.??"]
[Round "11"]
[White "Slipak, Sergio"]
[Black "Ricardi, Pablo"]
[Result "0-1"]
[WhiteElo "2535"]
[BlackElo "2555"]

1.d4 Nf6 2.Nf3 g6 3.c4 Bg7 4.Nc3 O-O 5.e4 d6 6.Be2 e5 7.d5 Nh5 8.g3 c6 9.Nd2 Nf6
10.g4 a6 11.Nb3 cxd5 12.cxd5 b5 13.Be3 Nbd7 14.g5 Ne8 15.Qd2 f5 16.exf5 gxf5
17.f4 Bb7 18.a3 Rc8 19.O-O-O exf4 20.Bxf4 Nb6 21.h4 Bxd5 22.Nd4 Bxh1 23.Rxh1 Na4
24.Rh3 Qb6 25.Ne6 b4 26.axb4 Bxc3 27.bxc3 Qxb4 28.c4 Rxc4+ 29.Bxc4 Qxc4+
30.Qc2 Qf1+ 31.Qd1 Qxh3 32.Qxa4 Qf1+ 33.Kd2 Qf2+ 34.Kd1 Qf3+ 35.Ke1 Qe4+
36.Qxe4 fxe4 37.Nxf8 Kxf8 38.h5 d5 39.Be5 Kg8 40.Kd2 Ng7 41.Ke3 Nxh5 42.Kd4 Kf7
43.Kxd5 e3  0-1

[Event "Villa Martelli op"]
[Site "Villa Martelli"]
[Date "1996.??.??"]
[Round "4"]
[White "Llanos, Guillermo"]
[Black "German, Gustavo"]
[Result "0-1"]
[WhiteElo "2410"]
[BlackElo "2440"]

1.d4 Nf6 2.c4 g6 3.Nc3 Bg7 4.e4 d6 5.Nf3 O-O 6.Be2 e5 7.O-O Qe8 8.dxe5 dxe5
9.Be3 b6 10.Nd5 Na6 11.Nxf6+ Bxf6 12.Bh6 Bb7 13.Bxf8 Qxf8 14.Bd3 Nc5 15.Qe2 a5
16.Bc2 Ne6 17.Qe3 Bc6 18.b3 Re8 19.Rfe1 h5 20.Rad1 Qe7 21.Qc1 Bg7 22.Qe3 Bb7
23.Bb1 Bc8 24.Qd2 Qf6 25.Qc3 Nf4 26.Bc2 Bf8 27.Qa1 Nxg2 28.Rf1 Qxf3 29.Rd3 Qe2
30.Kxg2 Qxc2 31.Re3  0-1

[Event "LTU-ch"]
[Site "Vilnius"]
[Date "1996.??.??"]
[Round "2"]
[White "Rumiancev, Boris"]
[Black "Grigutavicius, Dainius"]
[Result "1-0"]
[WhiteElo "2275"]
[BlackElo "2145"]

1.d4 Nf6 2.c4 g6 3.Nc3 Bg7 4.e4 d6 5.Nf3 O-O 6.Be2 e5 7.Be3 h6 8.O-O Nbd7
9.Re1 c6 10.d5 cxd5 11.cxd5 Ng4 12.Bc1 f5 13.h3 Ngf6 14.exf5 gxf5 15.Nd2 a5
16.Nc4 Nc5 17.Nb5 Ra6 18.f4 e4 19.Be3 Kh7 20.Rc1 Nd3 21.Bxd3 exd3 22.Qxd3 Ne4
23.a4 Rg8 24.Rf1 Qe7 25.Rc2 Bf8 26.Nb6 Qh4 27.Rf3 Rxb6 28.Bxb6  1-0

[Event "AUT-chT9697"]
[Site "Vorarlberg"]
[Date "1996.??.??"]
[Round "?"]
[White "Lochner, Herbert"]
[Black "Purtscher, Thomas"]
[Result "0-1"]
[WhiteElo "1895"]
[BlackElo "1865"]

1.Nf3 Nf6 2.c4 g6 3.Nc3 Bg7 4.e4 d6 5.d4 Nbd7 6.Be2 O-O 7.O-O e5 8.dxe5 dxe5
9.Qc2 c6 10.Rd1 Qe7 11.a3 a5 12.Rb1 h6 13.b4 Kh7 14.c5 Ne8 15.Nd2 axb4 16.axb4 b5
17.Nb3 Nb8 18.Be3 Na6 19.Nd2 Kh8 20.Qb2 f5 21.f3 f4 22.Bf2 g5 23.h3 h5 24.Ra1 Nf6
25.Ra3 g4 26.fxg4 hxg4 27.hxg4 Nxg4 28.Bxg4 Bxg4 29.Nf3 Nc7 30.Rd6 Rxa3 31.Qxa3 Ra8
32.Qb2 Ne6 33.Rxc6 Bxf3 34.gxf3 Nd4 35.Bxd4 exd4 36.Nd5 Qg5+ 37.Kh1 Qh4+
38.Kg1 Qg3+ 39.Kh1 Qxf3+ 40.Kg1 Qd1+ 41.Kf2 Ra1 42.Rc8+ Kh7 43.Nxf4 Qg1+
44.Kf3 Rf1+  0-1

[Event "AUT-chT9697"]
[Site "Vorarlberg"]
[Date "1996.??.??"]
[Round "?"]
[White "Amann, Guenter"]
[Black "Eiler, Gebhard"]
[Result "1-0"]
[WhiteElo "1985"]
[BlackElo "2080"]

1.d4 Nf6 2.Nf3 g6 3.c4 Bg7 4.Nc3 d6 5.e4 O-O 6.Be2 e5 7.O-O Na6 8.Bg5 Qe8
9.c5 exd4 10.Bxf6 Bxf6 11.Nd5 Bd8 12.Bxa6 c6 13.Qxd4 cxd5 14.Qxd5 dxc5 15.Bxb7 Be6
16.Qe5 Bb6 17.Bxa8 Qxa8 18.Rfd1 h6 19.b3 Qc8 20.Rac1 Re8 21.Qf4 Kg7 22.h3 Qa6
23.Rd2 Rc8 24.Rcd1 Re8 25.e5 Qc8 26.Nh2 Bc7 27.Re2 Bd8 28.Qa4 Bb6 29.Ng4 Rd8
30.Rxd8 Qxd8 31.Qf4 Qd1+ 32.Kh2 Bxg4 33.Qxg4 Bc7 34.f4 c4 35.Rf2 Qd4 36.Rf1 c3
37.Qd1 Qe4 38.Qf3 Qb4 39.Qd3 g5 40.Qf5 Qc5 41.fxg5 hxg5 42.Qxf7+ Kh8 43.Qe8+ Kg7
44.Rf7+ Kh6 45.Qh8+  1-0

[Event "JUG-chT"]
[Site "Vrnjacka Banja"]
[Date "1996.??.??"]
[Round "?"]
[White "Trifunovic, Miroljub"]
[Black "Bulajic, Ratko"]
[Result "0-1"]
[WhiteElo "2330"]
[BlackElo "2270"]

1.d4 Nf6 2.c4 g6 3.Nc3 Bg7 4.e4 d6 5.Nf3 O-O 6.Be2 e5 7.d5 Nh5 8.g3 Bg4 9.h3 Bd7
10.Ng1 Nf6 11.h4 h6 12.Be3 Ne8 13.g4 f5 14.gxf5 gxf5 15.exf5 Bxf5 16.Bg4 Qd7
17.Bxf5 Qxf5 18.Qd2 Nf6 19.Nge2 Ng4 20.O-O-O Nd7 21.Ng3 Qf3 22.Nge4 Ndf6
23.Nxf6+ Rxf6 24.Rhg1 Qf5 25.Rg3 e4 26.Rdg1 h5 27.Ne2 Rf7 28.Nf4 Be5 29.Nxh5 Bxg3
30.Nxg3 Qf3 31.Bd4 Kh7 32.Nh5 Rg8 33.Rg3 Qf5 34.Qe2 Qxh5 35.Qxe4+ Qf5 36.Qg2 Qf4+
37.Be3 Nxe3  0-1

[Event "JUG-chT"]
[Site "Vrnjacka Banja"]
[Date "1996.??.??"]
[Round "?"]
[White "Vico, Milan"]
[Black "Zakic, Srdjan"]
[Result "0-1"]
[WhiteElo "2160"]
[BlackElo "2365"]

1.d4 Nf6 2.c4 g6 3.Nc3 Bg7 4.e4 d6 5.Nf3 O-O 6.Be2 e5 7.dxe5 dxe5 8.Qxd8 Rxd8
9.Nd5 Rd7 10.Nxe5 Nxd5 11.Nxd7 Nb4 12.Nxb8 Nc2+ 13.Kd1 Nxa1 14.Bf4 Bxb2 15.Bxc7 a5
16.Kd2 a4 17.f4 f6 18.Rb1 a3 19.Rd1 Be6 20.g4 Ra4 21.Bd3 Bxc4 22.Bb1 Be6
23.Ke3 Bxg4 24.Rd8+ Kg7 25.Bd6 Rc4 26.Nd7 Nc2+ 27.Kf2 Bd4+ 28.Kg2 Ne1+ 29.Kf1 Rc1
30.Bf8+ Kf7 31.Bxa3 Rxb1  0-1

[Event "JUG-chT"]
[Site "Vrnjacka Banja"]
[Date "1996.??.??"]
[Round "?"]
[White "Peric, Slavisa"]
[Black "Rajevic, Gavrilo"]
[Result "1-0"]
[WhiteElo "2325"]
[BlackElo "2275"]

1.d4 Nf6 2.c4 g6 3.Nc3 Bg7 4.e4 d6 5.Nf3 O-O 6.Be2 e5 7.dxe5 dxe5 8.Qxd8 Rxd8
9.Nd5 Rd7 10.Nxe5 Nxd5 11.Nxd7 Nb4 12.Nxb8 Nc2+ 13.Kd1 Nxa1 14.Bf4 Bxb2 15.Bxc7 a5
16.Kd2 a4 17.f4 f6 18.e5 a3 19.Bf3 Be6 20.Bd5 Kf7 21.Rd1 Nb3+ 22.Ke3 Nc1
23.Bxe6+ Kxe6 24.Rd6+ Kf7 25.Rd7+ Ke6 26.Rd6+ Kf7 27.e6+ Ke7 28.Rb6 Ra7 29.Bd6+  1-0

[Event "JUG-chT"]
[Site "Vrnjacka Banja"]
[Date "1996.??.??"]
[Round "?"]
[White "Djukanovic, Sreten"]
[Black "Djordjevic, Mladen"]
[Result "0-1"]
[WhiteElo "2270"]
[BlackElo "2305"]

1.d4 Nf6 2.c4 g6 3.Nc3 Bg7 4.e4 O-O 5.Nf3 d6 6.Be2 e5 7.O-O exd4 8.Nxd4 Re8
9.f3 Nc6 10.Be3 Nh5 11.f4 Nf6 12.Bf3 Bg4 13.Nxc6 Bxf3 14.Qxf3 bxc6 15.e5 dxe5
16.Qxc6 Ng4 17.Bc5 exf4 18.Nd5 Qh4 19.h3 Ne5 20.Rxf4 Qxf4 21.Qxe8+ Rxe8 22.Nxf4 Nxc4
23.Rd1 Nxb2 24.Rd7 a5 25.Nd5 Na4 26.Bf2 Be5 27.Ne7+ Kf8 28.Nc6 Bd6 29.Kf1 Ra8
30.Rd8+ Rxd8 31.Nxd8 Ke8 32.Nc6 Bb4 33.a3 Bxa3 34.Nxa5 Kd7 35.Nc4 Bd6 36.Ke2 Nc5
37.Kf3 Nd3 38.Bd4 Ke6 39.Ke4 Nb4 40.Ne3 f5+ 41.Kf3 Nc6 42.Bb2 f4 43.Nd1 Kf5
44.Nf2 Be5 45.Bxe5 Nxe5+ 46.Ke2 g5 47.Nd1 h5 48.Nc3 c6 49.Na4 g4 50.hxg4+ hxg4
51.Nc5 g3 52.Kd2 f3  0-1

[Event "JUG-chT"]
[Site "Vrnjacka Banja"]
[Date "1996.??.??"]
[Round "?"]
[White "Poluljahov, Aleksandr"]
[Black "Nikolic, Dragoslav"]
[Result "1-0"]
[WhiteElo "2480"]
[BlackElo "2305"]

1.Nf3 Nf6 2.c4 g6 3.Nc3 Bg7 4.e4 d6 5.d4 O-O 6.Be2 e5 7.d5 Nbd7 8.Be3 Ng4
9.Bd2 f5 10.exf5 gxf5 11.Ng5 Ndf6 12.h3 Nh6 13.Qc2 Qe7 14.g4 Kh8 15.Ne6 fxg4
16.hxg4 Bxe6 17.dxe6 Nfg8 18.g5 Nf5 19.Nd5 Qxe6 20.Nxc7 Qd7 21.Nxa8 Rxa8
22.O-O-O Nge7 23.Bc3 b5 24.Qe4 Rc8 25.Bxe5 Bxe5 26.Qxe5+ Kg8 27.Qf6 bxc4
28.Rxh7  1-0

[Event "JUG-chT"]
[Site "Vrnjacka Banja"]
[Date "1996.??.??"]
[Round "?"]
[White "Notkin, Maksim"]
[Black "Dimitrov, Vladimir"]
[Result "1/2-1/2"]
[WhiteElo "2515"]
[BlackElo "2495"]

1.d4 Nf6 2.c4 g6 3.Nc3 Bg7 4.e4 d6 5.Nf3 O-O 6.Be2 e5 7.Be3 Ng4 8.Bg5 f6
9.Bh4 Qe8 10.O-O Nc6 11.d5 Nd8 12.Nd2 h5 13.b4 g5 14.Bg3 f5 15.exf5 Bxf5
16.Nde4 Qg6 17.Re1 Nf7 18.h3 Bxe4 19.Nxe4 Qxe4 20.Bxg4 Qxc4 21.Bxh5 Qxb4
22.Rb1 Qa5 23.Bg4 Nd8 24.Re4 b5 25.Bd7 a6 26.h4 gxh4 27.Rxh4 Rf7 28.Be8 Rf6
29.Rbb4 Nf7 30.Bxf7+ Rxf7 31.Qh5 Kf8 32.Qg6 Qxa2 33.Rbg4 Qxd5 34.Rh7 Ke7
35.Rxg7 Rf8 36.Rxf7+ Rxf7 37.Bh4+ Kd7 38.Qg8 Qe6 39.Qd8+ Kc6 40.Qa8+ Kb6
41.f3 Qb3 42.Bf2+ Ka5 43.Be1+ Kb6 44.Bf2+ Ka5 45.Qe4 c5 46.Qa8 Qd1+ 47.Kh2 Rf4
48.Qd8+ Kb4 49.Rxf4+ exf4 50.Qh4 Ka3 51.Qxf4 b4 52.Qc4  1/2-1/2

[Event "JUG-chT"]
[Site "Vrnjacka Banja"]
[Date "1996.??.??"]
[Round "?"]
[White "Nikolic, Goran"]
[Black "Grujic, Zoran"]
[Result "1/2-1/2"]
[WhiteElo "2340"]
[BlackElo "2280"]

1.d4 Nf6 2.c4 g6 3.Nc3 Bg7 4.e4 d6 5.Nf3 O-O 6.Be2 e5 7.Be3 Ng4 8.Bg5 f6
9.Bc1 Nc6 10.O-O Kh8 11.dxe5 Ngxe5 12.h3 Be6 13.Nd5 Nxf3+ 14.Bxf3 f5 15.exf5 Bxf5
16.Ne3 Bd7 17.Rb1 Rb8 18.b3 Ne5 19.Bd5 Qh4 20.f3 b6 21.Bb2 Rbe8 22.Ng4 h5
23.Nxe5 Bxe5 24.Qd2 Kh7 25.Bxe5 Rxe5 26.Rbe1 Rfe8 27.Re4 Qf6  1/2-1/2

[Event "JUG-chT"]
[Site "Vrnjacka Banja"]
[Date "1996.??.??"]
[Round "?"]
[White "Nikolic, Goran"]
[Black "Dokic, Zoran"]
[Result "1-0"]
[WhiteElo "2340"]
[BlackElo "2235"]

1.d4 Nf6 2.c4 g6 3.Nc3 Bg7 4.e4 d6 5.Nf3 O-O 6.Be2 e5 7.Be3 Ng4 8.Bg5 f6
9.Bh4 Qe8 10.O-O Na6 11.h3 Nh6 12.dxe5 dxe5 13.a3 Nc5 14.Qc2 Ne6 15.Rfe1 Nf7
16.Nd5 Nfd8 17.c5 Kh8 18.Rad1 Rf7 19.Bc4 g5 20.Bg3 Nxc5 21.Nxf6 Rxf6 22.Bxe5 Rg6
23.Bxg7+ Rxg7 24.Qc3 Be6 25.Bd5 Qe7 26.Nd4 Na4 27.Qc2 Bxd5 28.Nf5 Qc5 29.Qxc5 Nxc5
30.Rxd5 Nce6 31.Nxg7 Kxg7 32.Rd7+ Nf7 33.Red1 Kf6 34.f3 Rd8 35.Kf2 Rxd7 36.Rxd7 h5
37.g3 h4 38.gxh4 gxh4 39.Ke3 Ne5 40.Rh7 Ng6 41.b3 a5 42.Rh5 b6 43.Rf5+ Ke7
44.e5 b5 45.Ke4 Nc5+ 46.Kd5 Nd3 47.Rf6 Ngxe5 48.Re6+ Kf7 49.Rxe5 Nxe5 50.Kxe5 b4
51.a4 Kg6 52.f4 Kf7 53.Kd5 Kf6 54.Kc5 Kf5 55.Kb5 Kxf4 56.Kxa5 Kg3 57.Kxb4  1-0

[Event "JUG-chT"]
[Site "Vrnjacka Banja"]
[Date "1996.??.??"]
[Round "?"]
[White "Grujic, Zoran"]
[Black "Simic, Dragisa"]
[Result "0-1"]
[WhiteElo "2280"]
[BlackElo "2175"]

1.c4 Nf6 2.Nc3 g6 3.e4 d6 4.d4 Bg7 5.Nf3 O-O 6.Be2 e5 7.O-O exd4 8.Nxd4 Re8
9.f3 Nc6 10.Be3 Nh5 11.Qd2 Nf4 12.Bxf4 Nxd4 13.Bd3 Be6 14.Rfd1 a6 15.Be3 Qb8
16.Bf1 c5 17.Ne2 Nxe2+ 18.Bxe2 b5 19.Rac1 bxc4 20.Bxc4 Qxb2 21.Qxb2 Bxb2
22.Rc2 Bxc4 23.Rxb2 d5 24.Bxc5 dxe4 25.Rd4 Bd3 26.Rb7 Rac8 27.Be7 e3 28.Ba3 e2
29.Bb4 Rc1+ 30.Kf2 Rf1+ 31.Kg3 Rb1  0-1

[Event "JUG-chT"]
[Site "Vrnjacka Banja"]
[Date "1996.??.??"]
[Round "?"]
[White "Nikolic, Dragoslav"]
[Black "Tringov, Georgi P"]
[Result "1/2-1/2"]
[WhiteElo "2305"]
[BlackElo "2440"]

1.Nf3 d6 2.d4 g6 3.c4 Bg7 4.Nc3 Nf6 5.e4 O-O 6.Be2 e5 7.Be3 Ng4 8.Bg5 f6
9.Bh4 g5 10.Bg3 Nh6 11.d5 f5 12.exf5 Nxf5 13.Ne4 g4 14.Nfg5 h5 15.h3 gxh3
16.Rxh3 Nxg3 17.Rxg3 h4 18.Rg4 Bf5 19.Ne6 Bxe6 20.dxe6 Nc6 21.Qd3 Nd4 22.Ng5 Rf5
23.Rxd4 Qxg5 24.Rg4 Qf6 25.Bf3 Rf8 26.Bd5 Qe7 27.f3 c6 28.Be4 R5f6 29.Rxh4 Rxe6
30.Bh7+ Kh8 31.Rh1 Rh6 32.O-O-O Qg5+ 33.Kb1 Rxh1 34.Rxh1 Qxg2  1/2-1/2

[Event "JUG-chT"]
[Site "Vrnjacka Banja"]
[Date "1996.??.??"]
[Round "?"]
[White "Poluljahov, Aleksandr"]
[Black "Tringov, Georgi P"]
[Result "1/2-1/2"]
[WhiteElo "2480"]
[BlackElo "2440"]

1.Nf3 Nf6 2.c4 g6 3.Nc3 Bg7 4.e4 d6 5.d4 O-O 6.Be2 e5 7.d5 a5 8.Bg5 h6 9.Bh4 Na6
10.Nd2 Nc5 11.O-O  1/2-1/2

[Event "Wangs Pizol op"]
[Site "Wangs Pizol"]
[Date "1996.??.??"]
[Round "3"]
[White "Eberhard, Kurt"]
[Black "Ziger, Silvestar"]
[Result "0-1"]
[WhiteElo "2025"]
[BlackElo "2265"]

1.d4 Nf6 2.c4 g6 3.Nc3 Bg7 4.e4 d6 5.Nf3 O-O 6.Be2 e5 7.O-O Na6 8.Re1 c6
9.Rb1 exd4 10.Nxd4 Nc5 11.f3 a5 12.b3 Re8 13.a3 Nh5 14.b4 axb4 15.axb4 Qh4
16.Bf1 Be5 17.g3 Nxg3 18.f4 Nxf1 19.Rxf1 Bxd4+ 20.Qxd4 Bh3 21.Rf2 Qg4+ 22.Kh1 Nxe4
23.Nxe4 Rxe4 24.Qd2 Rae8 25.Bb2 Re2 26.Qc3 Bg2+  0-1

[Event "Wangs Pizol op"]
[Site "Wangs Pizol"]
[Date "1996.??.??"]
[Round "4"]
[White "Illi, Hans Joerg"]
[Black "Lurje, Pawel"]
[Result "0-1"]
[WhiteElo "2205"]
[BlackElo "2240"]

1.d4 Nf6 2.Nf3 g6 3.c4 Bg7 4.Nc3 d6 5.e4 O-O 6.Be2 e5 7.d5 a5 8.O-O Na6 9.Ne1 Nc5
10.f3 Nh5 11.g3 Bh3 12.Rf2 f5 13.Nd3 f4 14.g4 Ng3 15.hxg3 fxg3 16.Rg2 Qh4
17.Bg5 Qxg5 18.Rxg3 Qh4 19.Qe1 Bh6 20.Rg2 Be3+ 21.Nf2 Bxg2 22.Kxg2 Rf6 23.Nh3 Qxe1
24.Rxe1 Bd2 25.Rb1 Bxc3 26.bxc3 h6 27.Nf2 Kg7 28.Nh1 Ra6 29.Nf2 Rf8 30.Bd1 Rb6
31.Rxb6 cxb6 32.a4 Kf6 33.Bc2 Rc8 34.Kg3 Rc7 35.Kg2 h5 36.Kg3 Rh7 37.Nh3 h4+
38.Kh2 g5 39.Nf2 Rc7 40.Nd1 Nd7 41.Bb3 Nf8 42.Nf2 Ng6 43.Nd3 Rf7 44.Bd1 Ke7
45.Ne1 Nf4 46.c5 bxc5 47.c4 Rf8 48.Nc2 Nd3  0-1

[Event "Wangs Pizol op"]
[Site "Wangs Pizol"]
[Date "1996.??.??"]
[Round "8"]
[White "Khenkin, Igor"]
[Black "Cvitan, Ognjen"]
[Result "1/2-1/2"]
[WhiteElo "2555"]
[BlackElo "2590"]

1.d4 Nf6 2.c4 g6 3.Nc3 Bg7 4.e4 d6 5.Nf3 O-O 6.Be2 e5 7.dxe5 dxe5 8.Qxd8 Rxd8
9.Bg5 Nbd7 10.O-O-O Rf8 11.Nd2 Nc5  1/2-1/2

[Event "Warsaw op (Women)"]
[Site "Warsaw"]
[Date "1996.??.??"]
[Round "1"]
[White "Lomineishvili, Maia"]
[Black "Slavina, Irina"]
[Result "1-0"]
[WhiteElo "2305"]
[BlackElo "2135"]

1.d4 Nf6 2.c4 g6 3.Nc3 Bg7 4.e4 d6 5.Be2 O-O 6.Nf3 e5 7.Be3 h6 8.O-O Ng4
9.Bc1 Nc6 10.d5 Ne7 11.Nd2 f5 12.Bxg4 fxg4 13.b4 a5 14.bxa5 Rxa5 15.Nb3 Ra8
16.c5 Bd7 17.Be3 g5 18.a4 Qe8 19.Nd2 Ra6 20.Rb1 Qa8 21.Qb3 b6 22.cxd6 cxd6
23.Nc4 Nc8 24.Ra1 Bf6 25.Ra3 Bd8 26.Rfa1 Rf7 27.Nb5 Qb8 28.Bd2 Be8 29.Rc1 Bd7
30.Ra2 Rf6 31.Rac2 Rg6 32.Ne3 Ne7 33.Bb4 Kh7 34.Rc4 Rf6 35.Nc2 Nc8 36.Ne3 Ne7
37.Qc2 Kg7 38.Nd1 Ng6 39.g3 Ne7 40.Nb2 Kg6 41.Nd3 Kg7 42.Bc3 Ng6 43.Nb4 Ra8
44.Nc6 Bxc6 45.Rxc6 Be7 46.Bb4 h5 47.Nc7 Ra7 48.Ne6+ Kh6 49.Qd2 Rxe6 50.dxe6 Rxa4
51.Bxd6 Qd8 52.Qc2 b5 53.Bxe7 Nxe7 54.Rc7 Rd4 55.Rd7 Rxd7 56.exd7 Qxd7 57.Rd1 Qb7
58.Rd6+ Kg7 59.Qd2 Qxe4 60.Qxg5+ Kf7 61.Qxh5+ Kg7 62.Qh6+ Kf7 63.Qf6+ Ke8
64.Qh8+  1-0

[Event "Warsaw op (Women)"]
[Site "Warsaw"]
[Date "1996.??.??"]
[Round "2"]
[White "Bobrowska, Monika"]
[Black "Nekrasova, Elena"]
[Result "1-0"]
[WhiteElo "2305"]
[BlackElo "2085"]

1.d4 Nf6 2.Nf3 g6 3.c4 Bg7 4.Nc3 O-O 5.e4 d6 6.Be2 e5 7.d5 a5 8.Bg5 h6 9.Bh4 Na6
10.Nd2 Qe8 11.a3 Bd7 12.b3 Nh7 13.O-O h5 14.f3 Bh6 15.Rb1 Be3+ 16.Kh1 Bc5
17.Qc1 f5 18.exf5 gxf5 19.Na2 Qg6 20.b4 axb4 21.axb4 Be3 22.Bf2 Bxf2 23.Rxf2 h4
24.c5 Nxc5 25.bxc5 Rxa2 26.Rxb7 Rfa8 27.Bd3 Qh6 28.Bb1 Qe3 29.Bxa2 Qxf2 30.Rb2 h3
31.Qg1 hxg2+ 32.Qxg2+ Qxg2+ 33.Kxg2 dxc5 34.Nc4 Kf8 35.Nxe5 Nf6 36.Bb1 Bc8
37.Rb5 Nxd5 38.Rxc5 Be6 39.Kf2 f4 40.h4 Ra1 41.Be4 Ra2+ 42.Ke1 Ne7 43.Nd3 Rh2
44.Nxf4 Bf7 45.h5 Rh4 46.Ng6+ Bxg6 47.Bxg6 Nxg6 48.hxg6 Kg7 49.Rc6 Rh5 50.Ke2 Rf5
51.Rxc7+ Kxg6 52.Ke3 Rf6  1-0

[Event "Warsaw op (Women)"]
[Site "Warsaw"]
[Date "1996.??.??"]
[Round "3"]
[White "Lomineishvili, Maia"]
[Black "Semenova, Lidia K"]
[Result "0-1"]
[WhiteElo "2305"]
[BlackElo "2305"]

1.d4 Nf6 2.c4 g6 3.Nc3 Bg7 4.e4 d6 5.Be2 O-O 6.Nf3 e5 7.Be3 Ng4 8.Bg5 f6
9.Bh4 c6 10.dxe5 dxe5 11.Nd2 Nh6 12.c5 Qe7 13.b4 b6 14.Bc4+ Kh8 15.Nb3 a5
16.bxa5 b5 17.Be2 Rd8 18.Qc1 Be6 19.f3 Bxb3 20.axb3 Qxc5 21.Na2 Qe7 22.b4 Nf7
23.Bf2 Bh6 24.Be3 Bxe3 25.Qxe3 Na6 26.Rb1 Qa7 27.Qxa7 Rxa7 28.Rb2 Rad7 29.Rc2 Rd6
30.h4 Kg7 31.Kf2 R8d7 32.Ke3 h6 33.g3 Nd8 34.Rhc1 Rd4 35.Rb2 R7d6 36.Rcc2 Kf7
37.Rd2 Rxd2 38.Rxd2 Rxd2 39.Kxd2 Ne6 40.Kc3 Nd4 41.Bd1 Ke7 42.Nc1 Kd6 43.Nd3 c5
44.bxc5+ Nxc5 45.Nb4 Na4+ 46.Kd2 Nc6 47.Nd5 Nxa5 48.Nxf6 Nb6 49.g4 b4 50.h5 gxh5
51.gxh5 Ke6 52.Ng4 Nd7 53.Nxh6 Nf6 54.Ng4 Nxh5 55.Ne3 Nf4 56.Nc2 Nc4+ 57.Kc1 Nd3+
58.Kb1 b3 59.Nd4+ exd4 60.Bxb3 Nb2 61.f4 d3 62.Kc1 Kd6 63.Kb1 d2 64.Bc2 Nd3
65.Bb3 Nf2 66.e5+ Kc5 67.e6 Kb4 68.Ka2 Nd3 69.Bd1 Nd6 70.e7 Kc3 71.f5 Nb4+
72.Ka3 Nd5 73.f6 Nxf6 74.Ka4 Nd5 75.e8=Q Nxe8 76.Kb5 Ne3 77.Be2 Nf6 78.Bf3 Ne4
79.Bh5 Ng3  0-1